000 00771nam a2200205Ii 4500
003 JO-AjNU
008 230605s9999||||xx |||||||||||||| ||und||
040 _aJO-AjNU
_bara
_erda
_cJO-AjNU
041 _aara
050 1 4 _aPJ7510.R2 1997
100 3 _aتأليف الرافعي، مصطفى صادق ؛ راجعه وضبطه المنشاوي، عبد الله ، مهدي البحقيري,
_eauthor
_926564
245 0 0 _aتاريخ آداب العرب، الجزء الأول
250 _aط1
264 3 1 _aالمنصورة: مكتبة الإيمان، 1997
300 _aج1، 348ص
336 _atext
_btxt
_2rdacontent
337 _aunmediated
_bn
_2rdamedia
338 _avolume
_bnc
_2rdacarrier
650 4 _aالأدب العربي - تاريخ ونقد
_926565
999 _aA10080
_c13648
_d13648